| 000 | 00660nam a2200229 i 4500 | ||
|---|---|---|---|
| 001 | 14803 | ||
| 003 | ES-MaACL | ||
| 005 | 20230906150908.0 | ||
| 007 | t| | ||
| 008 | 990610s1975 sp ||||1| spa d | ||
| 020 | _a84-7166-447-X | ||
| 080 | _a1 Garaudy, Roger | ||
| 100 | 1 |
_aPerottino, Serge. _991324 |
|
| 245 | 1 | 0 |
_aGaraudy y el marxismo del siglo XX / _cSerge Perottino. |
| 260 |
_aMadrid : _bEdaf, _c[1975] |
||
| 300 |
_a267 p. ; _c18 cm. |
||
| 490 | 1 | _aFilósofos de todos los tiempos | |
| 600 | 1 | 4 |
_aGaraudy, Roger. _953935 |
| 830 | 0 |
_aFilósofos de todos los tiempos _9181056 |
|
| 852 |
_aES-MaACL _jL-21998 _bR.116623 |
||
| 999 |
_c14803 _d14803 |
||